Perfect phrases for building strong teams : (Record no. 524)
[ view plain ]
| 000 -LEADER | |
|---|---|
| fixed length control field | 00958nam a22002297a 4500 |
| 005 - DATE AND TIME OF LATEST TRANSACTION | |
| control field | 20141017073956.0 |
| 008 - FIXED-LENGTH DATA ELEMENTS--GENERAL INFORMATION | |
| fixed length control field | 070111s2007 nyu 000 0 eng |
| 020 ## - INTERNATIONAL STANDARD BOOK NUMBER | |
| International Standard Book Number | 9780071490733 |
| 024 #0 - OTHER STANDARD IDENTIFIER | |
| Terms of availability | eng |
| 080 ## - UNIVERSAL DECIMAL CLASSIFICATION NUMBER | |
| Universal Decimal Classification number | 331 |
| 100 1# - Rafti | |
| Rafti | Diamond, Linda Eve. |
| 245 10 - TITLE STATEMENT | |
| Title | Perfect phrases for building strong teams : |
| Statement of responsibility, etc | Linda Eve Diamond. |
| 250 ## - | |
| -- | 1 st.ed.; |
| 260 ## - | |
| -- | New York : |
| -- | McGraw-Hill, |
| -- | 2007. |
| 300 ## - | |
| -- | 146 f. ; |
| -- | 20 cm. |
| 440 #0 - | |
| -- | Perfect phrases for-- managers |
| 504 ## - BIBLIOGRAPHY, ETC. NOTE | |
| Bibliography, etc | Includes bibliographical references f. 144-145 |
| 505 0# - | |
| -- | The team leader -- Teams : the bigger picture -- Building your team -- Conflict resolution -- Empowerment -- Feedback -- Team process -- Virtual team building -- Perks, benefits & rewards -- Team building exercises. |
| 650 #0 - | |
| -- | Puna |
| 650 #0 - | |
| -- | Komunikimi |
| 942 ## - ADDED ENTRY ELEMENTS (KOHA) | |
| Source of classification or shelving scheme | |
| Item type | Books |
| Withdrawn status | Lost status | Source of classification or shelving scheme | Damaged status | Not for loan | Collection code | Permanent location | Current location | Shelving location | Date acquired | Total Checkouts | Full call number | Barcode | Date last seen | Koha item type |
|---|---|---|---|---|---|---|---|---|---|---|---|---|---|---|
| Koleksioni i përgjithshem | UBT - Ferizaj | UBT - Ferizaj | Koleksioni i përgjithshem | 10/17/2014 | 331 DIA | 003000873 | 10/17/2014 | Books | ||||||
| Koleksioni i përgjithshem | UBT - Ferizaj | UBT - Ferizaj | Koleksioni i përgjithshem | 10/17/2014 | 331 DIA | 003000874 | 10/17/2014 | Books | ||||||
| Koleksioni i përgjithshem | UBT - Ferizaj | UBT - Ferizaj | Koleksioni i përgjithshem | 10/17/2014 | 331 DIA | 003000875 | 10/17/2014 | Books | ||||||
| Koleksioni i përgjithshem | UBT - Ferizaj | UBT - Ferizaj | Koleksioni i përgjithshem | 10/17/2014 | 331 DIA | 003000876 | 10/17/2014 | Books | ||||||
| Koleksioni i përgjithshem | UBT - Ferizaj | UBT - Ferizaj | Koleksioni i përgjithshem | 10/17/2014 | 331 DIA | 003000877 | 10/17/2014 | Books | ||||||
| Koleksioni i përgjithshem | UBT - Ferizaj | UBT - Ferizaj | Koleksioni i përgjithshem | 10/17/2014 | 331 DIA | 003000878 | 10/17/2014 | Books | ||||||
| Koleksioni i përgjithshem | UBT - Ferizaj | UBT - Ferizaj | Koleksioni i përgjithshem | 10/17/2014 | 331 DIA | 003000879 | 10/17/2014 | Books | ||||||
| Koleksioni i përgjithshem | UBT - Ferizaj | UBT - Ferizaj | Koleksioni i përgjithshem | 10/17/2014 | 331 DIA | 003000880 | 10/17/2014 | Books | ||||||
| Koleksioni i përgjithshem | UBT - Ferizaj | UBT - Ferizaj | Koleksioni i përgjithshem | 10/17/2014 | 331 DIA | 003000881 | 10/17/2014 | Books | ||||||
| Koleksioni i përgjithshem | UBT - Ferizaj | UBT - Ferizaj | Koleksioni i përgjithshem | 10/17/2014 | 331 DIA | 003000882 | 10/17/2014 | Books |